Psychológia podnikania Image podnikania. Marketing je predovšetkým psychológia

Salvato in:
Dettagli Bibliografici
Autore principale: Bedrnová, Eva
Natura: Libro
Lingua:slovacco
Pubblicazione: Bratislava FITR 1994
Edizione:1. vyd.
Soggetti:
Tags: Aggiungi Tag
Nessun Tag, puoi essere il primo ad aggiungerne!!

MARC

LEADER 00000nam a2200000 4500
001 c010059
005 20220906082520.5
041 0 |a slo 
044 |a SK 
245 1 0 |a Psychológia podnikania  |b Image podnikania. Marketing je predovšetkým psychológia  |c Eva Bedrnová 
250 |a 1. vyd. 
264 1 |a Bratislava  |b FITR  |c 1994 
300 |a 80 s. 
610 2 0 |a psychológia podniková 
610 2 0 |a podnikanie 
610 2 0 |a marketing 
610 2 0 |a etika podnikateľská 
610 2 0 |a psychológia 
610 2 0 |a psychológia sociálna 
100 1 |a Bedrnová, Eva